000 00544nam a22002297a 4500
003 UA-OsUOA
001 56599
007 ta
008 20081104b un ||||| |||| 00| 0 ukr d
100 _aОпанасенко Т.
700 _aЗлазь С.
090 _a330
_bО-60
942 _cSA
040 _aUA-OsUOA
_bukr
_cUA-OsUOA
_dUA-OsUOA
245 _a"Зелень" не росте
300 _aС.2
955 _a0
041 _aukr
080 _a330
773 0 _w56598
650 7 _a330 Економіка взагалі
_2UDC
999 _c342685
_d342685